00468nam a2200133Ia 4500003000200000005001700002008004100019050002500060100002400085245010000109260008500209300002800294521001200322020250210112108.0140724s9999 xx 000 0 und d aRA 645.3b.M277 2006 aMangilaya, Ramon B. aEffects of home visits to primigravidas' compliance with postpartum care /cRamon B. Mangilaya. aLas Piñas, Philippines :bSouthville International School and Colleges,cc2006 a45 p. :bill. ;c28 cm. aNursing